| 000 | 00805nam a2200229 i 4500 | ||
|---|---|---|---|
| 001 | 56804 | ||
| 003 | ES-MaACL | ||
| 005 | 20230906163440.0 | ||
| 007 | t| | ||
| 008 | 031013s1978 sp ||||1| spa d | ||
| 080 | _a711(460):31 | ||
| 110 | 1 |
_aEspaña. _bDirección General de Urbanismo. _9174547 |
|
| 245 | 1 | 0 |
_aInventario de planeamiento : _bplanes vigentes y necesidades de planteamiento a 31-XII-77 / _cMinisterio de Obras Públicas y Urbanismo, Dirección General de Urbanismo. |
| 260 |
_a[Madrid : _bMOPU, _c1978] |
||
| 300 |
_a290 p. : _bil. ; _c30 cm. |
||
| 490 | 1 |
_aDocumento informativo ; _v1 |
|
| 650 | 4 |
_aPlanes urbanísticos- _zEspaña. _916104 |
|
| 830 | 1 |
_aDocumento informativo ; _v1 _9230406 |
|
| 852 | 4 |
_aES-MaACL _jL-2711 |
|
| 852 | 4 |
_aES-MaACL _jL-2712 |
|
| 999 |
_c56804 _d56804 |
||